00417nam a2200121Ia 4500008004100000245012800041260002600169260000900195300000800204650002600212650001200238856004500250170516s9999 xx 000 0 und d aSlow-growing primary marginal zone B-cell lymphoma arising in the chest wall in a patient without a history of tuberculosis bActa Radiologica Open c2013 a2:2 xRadiologic Technology xRadtech uhttp://journals.sagepub.com/toc/arra/2/2